000 01163nmm a2200301 a 4500
001 ocm000659959
003 TR-IsHL
005 20201028155103.0
008 110704s2005 tu tur
007 cr cn
020 _a9789752820548
035 _a659959
_b(N$T)
050 0 4 _aDR435.A7
_bÇ85 2005
090 0 4 _aDR435.A7
_bÇ85 2005
100 1 _aÇulcu, Murat
245 1 0 _aErmeni terörünün 100 yıldönümü cehennem makinesi
_h[electronic resource] /
_cMurat Çulcu
260 _aİstanbul :
_bKastaş Yayınevi,
_c2005
300 _a376 p.
500 _aTerör, siyaset ve Ermeni meselesi. .. Hınçak ve Truşak örgütlerini imler kurdurdu kimler besledi? Uluslararası güçlerin kanlı oyununa alet olan Ermeni teröristler İstanbul'u nasıl kana buladı?
_x
650 4 _aTarih
650 4 _aHistory
650 0 _aErmeni sorunu
650 0 _aArmenian question
650 0 _aErmeniler
_x Türkiye
_x Tarih
650 0 _aArmenians
_x Turkey
_x History
650 7 _aHISTORY / Middle East / Turkey & Ottoman Empire
_2bisacsh
856 4 0 _uhttp://search.ebscohost.com/login.aspx?direct=true&scope=site&db=e011xww&AN=659959
999 _c12908
_d12908